| 000 | 00600nam a2200193Ia 4500 | ||
|---|---|---|---|
| 008 | 151121s9999||||xx |||||||||||||| ||und|| | ||
| 082 | _aबा।वि। | ||
| 082 | _bHNW-73892 | ||
| 100 | _aदेशपांडे कृ। प। | ||
| 245 | _aमातृकथा -1 | ||
| 260 | _b"अतुल प्रकाशन , पुणे।" | ||
| 260 | _c-- | ||
| 300 | _a72 | ||
| 600 | _aदेशपांडे कृ। प। | ||
| 630 | _aमातृकथा -1 | ||
| 700 | _aदेशपांडे कृ। प। | ||
| 730 | _aमातृकथा -1 | ||
| 942 | _cBOOK | ||
| 999 |
_c1255347 _d1255344 |
||